Metoda okrajových prvků v inženýrské praxi /

Gespeichert in:
Bibliographische Detailangaben
Hauptverfasser: Procházka, Petr (Verfasst von), Brož, Petr (Verfasst von)
Format: Buch
Veröffentlicht: Praha : SNTL, 1987
Tags: Tag hinzufügen
Keine Tags, Fügen Sie das erste Tag hinzu!

MARC

LEADER 00000nam a22000003a 4500
001 stu15764
005 20150617225758.3
008 ------s1987----cs----------------------d
040 |a STU  |b slo 
041 0
044 |a cs 
080 |a 519.64  |7 stu_us_auth*stu8082 
100 1 |a Procházka, Petr  |4 aut 
245 1 |a Metoda okrajových prvků v inženýrské praxi /  |c [aut.]Brož,Petr, Procházka,Petr 
260 |a Praha :  |b SNTL,  |c 1987 
300 |a 184 s :  |b Lit.,index 
700 1 |a Brož, Petr  |4 aut 
996 |b C81063  |c C*81063  |l CCXX  |s P  |a 0  |w stu15764_0001